[Event "Rated Blitz game"]
[Site "?"]
[Date "2021.06.15"]
[Round "?"]
[White "lucas444"]
[Black "KinzyabulatovRenat"]
[Result "1-0"]
[WhiteElo "2597"]
[BlackElo "2461"]
[PlyCount "101"]
[EventDate "2021.??.??"]
[EventType "blitz"]

1. e4 e5 2. Nf3 d5 3. Nxe5 Bd6 4. d4 dxe4 5. Qh5 Qe7 6. Bc4 Bxe5 7. Qxe5 Qxe5
8. dxe5 Nc6 9. e6 Bxe6 10. Bxe6 fxe6 11. O-O Nf6 12. Re1 Nb4 13. Na3 O-O-O 14.
Bg5 Nbd5 15. h3 h6 16. Bd2 Rd7 17. Nc4 Rf8 18. Ne5 Rd6 19. c4 Ne7 20. Bc3 Nc6
21. Nxc6 Rxc6 22. Bxf6 gxf6 23. Rxe4 e5 24. Rd1 Rd8 25. Rxd8+ Kxd8 26. Kf1 Ke7
27. Ke2 Ke6 28. b3 Rd6 29. Rh4 Ra6 30. a4 Rb6 31. Rxh6 Rxb3 32. Rh7 Kd6 33. Rf7
Rb4 34. Rxf6+ Kc5 35. Rf7 Kb6 36. h4 Rxc4 37. h5 Rh4 38. Rf5 Rxa4 39. g3 Ra1
40. g4 Rh1 41. Rxe5 a5 42. Re4 Kb5 43. Kf3 a4 44. Kg2 Rd1 45. h6 Rd8 46. h7 a3
47. g5 a2 48. Re1 Kb4 49. g6 Kb3 50. g7 Kb2 51. h8=Q {Normal} 1-0

[Event "Rated Blitz game"]
[Site "?"]
[Date "2021.06.15"]
[Round "?"]
[White "wizardbar"]
[Black "KinzyabulatovRenat"]
[Result "0-1"]
[WhiteElo "2508"]
[BlackElo "2508"]
[PlyCount "22"]
[EventDate "2021.??.??"]
[EventType "blitz"]

1. e4 e5 2. Nf3 d5 3. exd5 e4 4. Qe2 Nf6 5. Nc3 Be7 6. Nxe4 Nxd5 7. d3 O-O 8.
Bd2 Re8 9. O-O-O f5 10. Nc3 Nxc3 11. Bxc3 Bg5+ {Normal} 0-1

[Event "Rated Blitz game"]
[Site "?"]
[Date "2021.06.15"]
[Round "?"]
[White "Andpalchuk"]
[Black "KinzyabulatovRenat"]
[Result "1-0"]
[WhiteElo "2640"]
[BlackElo "2485"]
[PlyCount "69"]
[EventDate "2021.??.??"]
[EventType "blitz"]

1. e4 e5 2. Nf3 d5 3. exd5 e4 4. Qe2 Nf6 5. Nc3 Be7 6. Nxe4 Nxd5 7. g3 O-O 8.
Bg2 Nc6 9. O-O Bg4 10. c3 Ne5 11. d4 Nxf3+ 12. Bxf3 Bxf3 13. Qxf3 f5 14. Nc5
Bxc5 15. dxc5 c6 16. Bf4 Re8 17. Rfe1 Qf6 18. Bd6 h6 19. a3 a5 20. c4 Ne7 21.
Bxe7 Rxe7 22. Rxe7 Qxe7 23. Qxf5 Rf8 24. Qh5 Qe6 25. Rc1 Rf5 26. Qg4 Qf6 27.
Qe2 Rxc5 28. Re1 b5 29. cxb5 cxb5 30. h4 b4 31. axb4 axb4 32. Qe8+ Kh7 33. Qe4+
Rf5 34. g4 Qg6 35. Qxf5 {Normal} 1-0

[Event "Rated Blitz game"]
[Site "?"]
[Date "2021.06.15"]
[Round "?"]
[White "Yeknafar"]
[Black "KinzyabulatovRenat"]
[Result "1-0"]
[WhiteElo "2445"]
[BlackElo "2446"]
[PlyCount "69"]
[EventDate "2021.??.??"]
[EventType "blitz"]

1. e4 e5 2. Nf3 d5 3. Nxe5 Bd6 4. d4 dxe4 5. f4 Be6 6. Be2 Nf6 7. O-O O-O 8. c4
Nc6 9. Be3 Ne7 10. c5 Nf5 11. Qd2 Nd5 12. cxd6 Ndxe3 13. dxc7 Qxc7 14. Rc1 Qb6
15. Nc3 Rfd8 16. Kh1 Rxd4 17. Qe1 Rad8 18. Nb5 Rd2 19. b4 a6 20. Nc7 Bxa2 21.
g4 Nd4 22. Qxd2 Ne6 23. Qxa2 Nxc7 24. Qa5 Qxa5 25. bxa5 f6 26. Rxc7 fxe5 27.
fxe5 Nd5 28. Rxb7 Nf4 29. Bc4+ Kh8 30. Rf1 g5 31. e6 e3 32. e7 Re8 33. Bf7 e2
34. Re1 Rxe7 35. Rxe7 {Normal} 1-0

[Event "Rated Blitz game"]
[Site "?"]
[Date "2021.06.15"]
[Round "?"]
[White "Mulika13"]
[Black "KinzyabulatovRenat"]
[Result "0-1"]
[WhiteElo "2514"]
[BlackElo "2497"]
[PlyCount "80"]
[EventDate "2021.??.??"]
[EventType "blitz"]

1. e4 e5 2. Nf3 d5 3. d4 dxe4 4. Nxe5 Bd6 5. Nc4 Nf6 6. Bg5 Be7 7. Nc3 O-O 8.
Qd2 Nc6 9. O-O-O Re8 10. d5 Nb4 11. h4 h6 12. Bf4 Bg4 13. Be2 Bxe2 14. Qxe2
Nbxd5 15. Nxd5 Nxd5 16. Qxe4 c6 17. Qf3 Bf6 18. g4 Qe7 19. Bg3 b5 20. Nd6 Qe2
21. Qxe2 Rxe2 22. Rhe1 Rxe1 23. Rxe1 Kf8 24. f4 Be7 25. Nf5 h5 26. g5 g6 27.
Nxe7 Nxe7 28. Bf2 Nf5 29. Bc5+ Kg8 30. Bf2 a5 31. a4 bxa4 32. Re5 Rd8 33. Rc5
Rd6 34. Rxa5 Rd5 35. Rxa4 Kf8 36. Rc4 Ne7 37. Bc5 Ke8 38. Bxe7 Kxe7 39. Rxc6
Rd4 40. Rf6 Re4 {Time forfeit} 0-1

[Event "Rated Blitz game"]
[Site "?"]
[Date "2021.06.15"]
[Round "?"]
[White "Kolian222"]
[Black "KinzyabulatovRenat"]
[Result "1-0"]
[WhiteElo "2512"]
[BlackElo "2498"]
[PlyCount "67"]
[EventDate "2021.??.??"]
[EventType "blitz"]

1. e4 e5 2. Nf3 d5 3. exd5 e4 4. Qe2 Nf6 5. Nc3 Be7 6. Nxe4 Nxd5 7. Qd1 O-O 8.
Be2 c5 9. O-O Nc6 10. Re1 Bg4 11. h3 Bh5 12. d3 Re8 13. c3 Qc7 14. Qb3 Rad8 15.
Bd2 b6 16. Rad1 Nf4 17. Bxf4 Qxf4 18. Ng3 Bg6 19. Bf1 h5 20. d4 h4 21. Ne2 Qc7
22. d5 Na5 23. Qa4 c4 24. Ned4 a6 25. Nc6 Nxc6 26. dxc6 Rxd1 27. Rxd1 Bh5 28.
Rd7 Qf4 29. Qxc4 Qxc4 30. Bxc4 Bxf3 31. gxf3 b5 32. Bd5 Kf8 33. c7 Rc8 34. Bb7
{Normal} 1-0

[Event "Rated Blitz game"]
[Site "?"]
[Date "2021.06.15"]
[Round "?"]
[White "danikoshvili"]
[Black "Erow"]
[Result "0-1"]
[WhiteElo "2585"]
[BlackElo "2764"]
[PlyCount "168"]
[EventDate "2021.??.??"]
[EventType "blitz"]

1. e4 e5 2. Nf3 d5 3. Nxe5 Bd6 4. d4 dxe4 5. Nc4 Nf6 6. Be2 O-O 7. O-O Nc6 8.
c3 Be6 9. Bg5 Be7 10. Nbd2 Bd5 11. Ne3 h6 12. Bxf6 Bxf6 13. Nxd5 Qxd5 14. Bc4
Qf5 15. Qc2 Rfe8 16. Rae1 Na5 17. Bb3 Nxb3 18. axb3 Re7 19. Nxe4 Kh8 20. Qb1
Rae8 21. Nxf6 Qxf6 22. Qd1 Qb6 23. b4 Qg6 24. Rxe7 Rxe7 25. Re1 Rxe1+ 26. Qxe1
Qc2 27. f3 Qxb2 28. Qe8+ Kh7 29. Qe4+ g6 30. Qf4 Qb1+ 31. Kf2 Qa2+ 32. Kg3 c6
33. Qc7 Kg7 34. Qe5+ Kg8 35. Qb8+ Kg7 36. Qxb7 Qc4 37. Qxa7 Qxc3 38. Qc5 Qe1+
39. Kh3 Qe6+ 40. g4 Qb3 41. Kg3 Qa4 42. Qe5+ Kh7 43. Qe7 Qb3 44. Qc5 Qa4 45. h4
Kg7 46. Qe5+ Kh7 47. Qe7 Kg7 48. h5 Qc2 49. hxg6 Qxg6 50. Qe5+ Kg8 51. b5 cxb5
52. Qxb5 Qd6+ 53. Qe5 Qg6 54. d5 Qb6 55. d6 Qd8 56. Qe7 Qb8 57. Qc7 Qb1 58. d7
Qg1+ 59. Kh3 Qf1+ 60. Kh2 Qf2+ 61. Kh3 Qxf3+ 62. Qg3 Qh1+ 63. Qh2 Qf1+ 64. Qg2
Qd3+ 65. Kh4 Qxd7 66. Qe4 Kg7 67. Qf3 Qe6 68. Kg3 Qg6 69. Kg2 Qf6 70. Qf2 Qxf2+
71. Kxf2 Kg6 72. Kf3 Kg5 73. Kg3 f6 74. Kf3 f5 75. Kg3 fxg4 76. Kg2 h5 77. Kf2
h4 78. Kf1 Kf4 79. Kg1 g3 80. Kh1 Kg4 81. Kg1 Kf3 82. Kh1 g2+ 83. Kg1 h3 84.
Kh2 Kf2 {Time forfeit} 0-1

[Event "Rated Blitz game"]
[Site "?"]
[Date "2021.06.15"]
[Round "?"]
[White "Rama75"]
[Black "KinzyabulatovRenat"]
[Result "1-0"]
[WhiteElo "2488"]
[BlackElo "2449"]
[PlyCount "101"]
[EventDate "2021.??.??"]
[EventType "blitz"]

1. e4 e5 2. Nf3 d5 3. exd5 e4 4. Qe2 Nf6 5. d3 Qxd5 6. dxe4 Qxe4 7. Be3 Nc6 8.
Nc3 Bb4 9. Ng5 Qe5 10. Bd2 Bf5 11. O-O-O O-O 12. Qxe5 Nxe5 13. Nb5 Bxd2+ 14.
Rxd2 h6 15. Nf3 Nxf3 16. gxf3 Rfc8 17. Bc4 a6 18. Nd4 Bd7 19. Nb3 c5 20. Re1 b5
21. Bd5 a5 22. Bxa8 Rxa8 23. Nxc5 Bc6 24. Ne4 Nh5 25. Rd6 Rc8 26. Red1 Kh7 27.
R1d4 f5 28. Ng3 Nxg3 29. hxg3 Bxf3 30. Rd7 Rc5 31. Kd2 Be4 32. c3 b4 33. Ra7
bxc3+ 34. bxc3 Rb5 35. Rdd7 Kg6 36. Rxg7+ Kh5 37. Ke3 Rb2 38. g4+ Kh4 39. f3
Bb1 40. Kf4 Rxa2 41. Rh7 Kh3 42. Rxh6+ Kg2 43. gxf5 Rf2 44. f6 Rxf3+ 45. Ke5
Rxc3 46. f7 Rf3 47. Rh8 Ba2 48. f8=Q Rxf8 49. Rxf8 Bc4 50. Rg7+ Kh3 51. Rh8# {
Normal} 1-0

[Event "Rated Blitz game"]
[Site "?"]
[Date "2021.06.15"]
[Round "?"]
[White "Yakovlev_Aleksandr"]
[Black "Maltinho"]
[Result "1-0"]
[WhiteElo "2471"]
[BlackElo "2480"]
[PlyCount "69"]
[EventDate "2021.??.??"]
[EventType "blitz"]

1. e4 e5 2. Nf3 d5 3. exd5 Bd6 4. Bb5+ c6 5. dxc6 Nxc6 6. d3 Bg4 7. h3 Bh5 8.
Nc3 Nf6 9. Bg5 h6 10. Bh4 O-O 11. Bxc6 bxc6 12. Bxf6 Qxf6 13. Ne4 Qe7 14. Nxd6
Qxd6 15. O-O f5 16. Re1 Rae8 17. Qe2 e4 18. dxe4 fxe4 19. Qc4+ Qd5 20. Qxd5+
cxd5 21. Nd4 Rb8 22. Rab1 Rfc8 23. c3 Rb6 24. Rec1 Rcb8 25. b4 a5 26. a3 axb4
27. axb4 Rc8 28. Nb3 Bg6 29. Ra1 Rbc6 30. Nc5 Bf7 31. Kf1 Rxc5 32. bxc5 Rxc5
33. Ke2 Be8 34. Ra8 Kf7 35. Ke3 {Time forfeit} 1-0

[Event "Rated Blitz game"]
[Site "?"]
[Date "2021.06.15"]
[Round "?"]
[White "samqr33"]
[Black "Schachelite"]
[Result "0-1"]
[WhiteElo "2437"]
[BlackElo "2478"]
[PlyCount "56"]
[EventDate "2021.??.??"]
[EventType "blitz"]

1. e4 e5 2. Nf3 d5 3. exd5 e4 4. Qe2 Nf6 5. Nc3 Be7 6. Nxe4 O-O 7. d3 Re8 8.
Bd2 Nxd5 9. O-O-O f5 10. Neg5 Bf6 11. c4 Rxe2 12. Bxe2 Nb4 13. Bxb4 Bxg5+ 14.
Kc2 Nc6 15. Bc3 Bf6 16. d4 f4 17. Bd3 Bg4 18. d5 Bxf3 19. gxf3 Nd4+ 20. Bxd4
Bxd4 21. Bxh7+ Kxh7 22. Rxd4 Qf6 23. Re4 Rd8 24. Rhe1 c6 25. dxc6 bxc6 26. Re6
Qf5+ 27. R1e4 Qa5 28. a3 Qd2+ {Normal} 0-1

[Event "Rated Blitz game"]
[Site "?"]
[Date "2021.06.15"]
[Round "?"]
[White "dmitrijiiiGM"]
[Black "KinzyabulatovRenat"]
[Result "1-0"]
[WhiteElo "2568"]
[BlackElo "2452"]
[PlyCount "77"]
[EventDate "2021.??.??"]
[EventType "blitz"]

1. e4 e5 2. Nf3 d5 3. Nxe5 Bd6 4. d4 dxe4 5. Bc4 Bxe5 6. Qh5 Qe7 7. Qxe5 Qxe5
8. dxe5 Nc6 9. Nc3 Nxe5 10. Bb3 Bd7 11. Bf4 Ng6 12. Bxc7 Nf6 13. O-O-O Bc6 14.
Bd6 Rd8 15. Rhe1 Rxd6 16. Rxd6 O-O 17. Nd5 Ne8 18. Rd8 Nf6 19. Nxf6+ gxf6 20.
Rxf8+ Kxf8 21. g3 f5 22. Bc4 Ne5 23. Be2 Ke7 24. Kd2 Kf6 25. Ke3 h6 26. Rd1 Kg5
27. Rd6 f6 28. h4+ Kg6 29. b4 a6 30. c4 Nf7 31. Rd4 h5 32. b5 Be8 33. a4 Kg7
34. a5 Ne5 35. bxa6 bxa6 36. Rd6 Bf7 37. Rxa6 Nxc4+ 38. Bxc4 Bxc4 39. Rb6 {
Normal} 1-0

[Event "Rated Blitz game"]
[Site "?"]
[Date "2021.06.15"]
[Round "?"]
[White "Pouya1360"]
[Black "annaly1979"]
[Result "1-0"]
[WhiteElo "2505"]
[BlackElo "2469"]
[PlyCount "87"]
[EventDate "2021.??.??"]
[EventType "blitz"]

1. e4 e5 2. Nf3 d5 3. exd5 e4 4. Ne5 Bd6 5. d4 Nf6 6. Bc4 O-O 7. O-O h6 8. Nc3
a6 9. a4 Bf5 10. Re1 Nbd7 11. Bf4 Re8 12. Nxd7 Qxd7 13. Qd2 Bb4 14. Be5 Ng4 15.
Bg3 e3 16. fxe3 Bd6 17. Bxd6 Qxd6 18. g3 Nf6 19. Qg2 Ne4 20. Rf1 Nxc3 21. Rxf5
Ne4 22. Rf4 Nf6 23. e4 b5 24. Bd3 Qb4 25. c3 Qe7 26. e5 Nd7 27. axb5 axb5 28.
Rxa8 Rxa8 29. Bxb5 Nb6 30. Bf1 Ra1 31. h3 Qd7 32. e6 fxe6 33. dxe6 Qxe6 34. Kh2
Qe1 35. Bd3 Rd1 36. Rf1 Qd2 37. Rxd1 Qxd1 38. Bc2 Qc1 39. Bb3+ Kh8 40. Qe2 Qb1
41. Qe8+ Kh7 42. Bg8+ Kh8 43. Bf7+ Kh7 44. Qg8# {Normal} 1-0

[Event "Rated Blitz game"]
[Site "?"]
[Date "2021.06.15"]
[Round "?"]
[White "Slimnico1"]
[Black "ReinaldoR"]
[Result "0-1"]
[WhiteElo "2509"]
[BlackElo "2452"]
[PlyCount "102"]
[EventDate "2021.??.??"]
[EventType "blitz"]

1. e4 e5 2. Nf3 d5 3. Nc3 dxe4 4. Nxe4 f5 5. Nc3 e4 6. Ne5 Nf6 7. d4 Nbd7 8.
Bf4 Nb6 9. a4 Be6 10. a5 Nbd5 11. g3 Bb4 12. Bd2 O-O 13. Bc4 Kh8 14. O-O Nxc3
15. bxc3 Bxc4 16. Nxc4 Bd6 17. Rb1 b6 18. Nxd6 Qxd6 19. Bf4 Qd7 20. Be5 Ng4 21.
f4 Ne3 22. Qh5 Nxf1 23. Rxf1 Rac8 24. Kh1 Qd5 25. h3 c5 26. axb6 axb6 27. Kh2
cxd4 28. Bxd4 b5 29. Rd1 Qf7 30. Qg5 b4 31. Ra1 bxc3 32. Ra7 Rc7 33. Ra5 Rd7
34. Be3 Qg6 35. Qxg6 hxg6 36. Rc5 Rfd8 37. Rxc3 Rd1 38. h4 Re1 39. Kg2 Re2+ 40.
Kf1 Rh2 41. Bg1 Rhd2 42. Bf2 Rd1+ 43. Kg2 R8d2 44. Rc8+ Kh7 45. Rc7 Re2 46. h5
Rdd2 47. hxg6+ Kxg6 48. Rc6+ Kh7 49. Kg1 Rxf2 50. c4 e3 51. Re6 Rd1# {Normal}
0-1

[Event "Rated Blitz game"]
[Site "?"]
[Date "2021.06.15"]
[Round "?"]
[White "Bibekthing"]
[Black "KamranShirazi"]
[Result "0-1"]
[WhiteElo "2472"]
[BlackElo "2499"]
[PlyCount "90"]
[EventDate "2021.??.??"]
[EventType "blitz"]

1. e4 e5 2. Nf3 d5 3. exd5 e4 4. Qe2 Nf6 5. Nc3 Be7 6. Nxe4 Nxd5 7. d3 O-O 8.
Qd1 Re8 9. Be2 f5 10. Nc3 Bb4 11. Bd2 Bxc3 12. bxc3 Qe7 13. c4 Nb4 14. Bxb4
Qxb4+ 15. Qd2 Qe7 16. Kf1 Nc6 17. c3 h6 18. d4 Na5 19. Bd3 Be6 20. d5 Bd7 21.
Qb2 b6 22. Qb4 Qf6 23. Re1 c5 24. Qb1 Rxe1+ 25. Qxe1 Re8 26. Qd2 f4 27. h3 Bc8
28. Kg1 Ba6 29. Kh2 Bxc4 30. Bb1 Qd6 31. Qc2 Qxd5 32. Qh7+ Kf8 33. Qh8+ Qg8 34.
Qxg8+ Bxg8 35. Rd1 Be6 36. Kg1 g5 37. Ne5 Ke7 38. Re1 Rd8 39. Ng4 Rh8 40. Bf5
Rd8 41. Rxe6+ Kf8 42. Nxh6 Rd1+ 43. Kh2 Rd2 44. h4 Nc4 45. hxg5 Ne3 {Time
forfeit} 0-1

[Event "Rated Rapid game"]
[Site "?"]
[Date "2021.06.15"]
[Round "?"]
[White "JohnDale_Plays"]
[Black "pacianogullejr"]
[Result "1-0"]
[WhiteElo "2789"]
[BlackElo "2303"]
[PlyCount "29"]
[EventDate "2021.??.??"]
[EventType "rapid"]

1. e4 e5 2. Nf3 d5 3. exd5 Qxd5 4. Nc3 Qa5 5. Bc4 Nf6 6. d3 Bb4 7. Bd2 Nc6 8.
O-O Bg4 9. h3 Bxf3 10. Qxf3 O-O-O 11. Bxf7 Nd4 12. Qd1 e4 13. a3 Bxc3 14. Bxc3
Qe5 15. dxe4 {Normal} 1-0

[Event "Rated Blitz tournament 7QR8NHsQ"]
[Site "?"]
[Date "2021.06.15"]
[Round "?"]
[White "NFChess13"]
[Black "saranoz"]
[Result "0-1"]
[WhiteElo "2404"]
[BlackElo "2358"]
[PlyCount "24"]
[EventDate "2021.??.??"]
[EventType "blitz"]

1. e4 e5 2. Nf3 d5 3. Nxe5 Bd6 4. d4 dxe4 5. Nc3 Bxe5 6. dxe5 Qxd1+ 7. Kxd1 Nc6
8. Nxe4 Nge7 9. f4 Bf5 10. Bd3 O-O-O 11. Ke1 Nb4 12. Nf2 Bxd3 {Normal} 0-1

[Event "Rated Blitz game"]
[Site "?"]
[Date "2021.06.15"]
[Round "?"]
[White "pablomizzau"]
[Black "Tristan2020"]
[Result "1-0"]
[WhiteElo "2411"]
[BlackElo "2316"]
[PlyCount "127"]
[EventDate "2021.??.??"]
[EventType "blitz"]

1. e4 e5 2. Nf3 d5 3. d3 dxe4 4. dxe4 Qxd1+ 5. Kxd1 Bc5 6. Ke1 f6 7. Bc4 Nc6 8.
c3 Bg4 9. Nbd2 O-O-O 10. a4 a6 11. h3 Bh5 12. g4 Be8 13. Ke2 Nge7 14. Nb3 Ba7
15. Be3 Ng6 16. Bxa7 Nxa7 17. Ke3 Nf4 18. Nh4 g6 19. a5 Nb5 20. Nc5 Bc6 21. Ne6
Nxe6 22. Bxe6+ Kb8 23. Rad1 Nd6 24. f3 Bb5 25. Ng2 Nc4+ 26. Bxc4 Bxc4 27. h4
Bb3 28. Rxd8+ Rxd8 29. g5 f5 30. exf5 gxf5 31. f4 e4 32. h5 Rd3+ 33. Ke2 Rg3
34. Ne3 Rf3 35. Rf1 Rh3 36. h6 Rh2+ 37. Rf2 Rh1 38. Nxf5 Bc4+ 39. Ke3 Bd3 40.
Kd4 b6 41. axb6 cxb6 42. Ne3 Rg1 43. Rg2 Rh1 44. f5 Bb5 45. f6 Be8 46. Rf2 Bf7
47. Kxe4 Rg1 48. Rg2 Rh1 49. Ng4 Bg6+ 50. Kd5 Kc7 51. Ne5 Rd1+ 52. Ke6 Re1 53.
Rf2 Bc2 54. f7 Bb3+ 55. Kf6 Bxf7 56. Nxf7 Rg1 57. Kg7 a5 58. Kxh7 b5 59. Kg7 a4
60. h7 Rh1 61. Nh6 Rg1 62. g6 Rxg6+ 63. Kxg6 a3 64. bxa3 {Normal} 1-0

[Event "Rated Blitz game"]
[Site "?"]
[Date "2021.06.15"]
[Round "?"]
[White "brunoo2003"]
[Black "promove2500"]
[Result "0-1"]
[WhiteElo "2484"]
[BlackElo "2662"]
[PlyCount "48"]
[EventDate "2021.??.??"]
[EventType "blitz"]

1. e4 e5 2. Nf3 d5 3. exd5 e4 4. Ne5 Qxd5 5. d4 exd3 6. Nxd3 Nf6 7. Nc3 Qa5 8.
Be2 Bd6 9. O-O O-O 10. Bd2 Qb6 11. a4 Nc6 12. Nb5 Bf5 13. Be3 Qa5 14. Bd2 Qb6
15. Be3 Qa5 16. Nxd6 cxd6 17. c3 Rfe8 18. b4 Qc7 19. Rc1 Ne5 20. Nf4 a6 21. Bd4
h6 22. Re1 Rac8 23. h3 Qc6 24. Nd3 Nxd3 {Normal} 0-1

[Event "Rated Rapid game"]
[Site "?"]
[Date "2021.06.15"]
[Round "?"]
[White "DoctorWannaBe"]
[Black "ABA-001"]
[Result "1-0"]
[WhiteElo "2471"]
[BlackElo "2390"]
[PlyCount "129"]
[EventDate "2021.??.??"]
[EventType "rapid"]

1. e4 e5 2. Nf3 d5 3. Nc3 d4 4. Ne2 Nc6 5. Ng3 Nf6 6. Bb5 Bd6 7. O-O a6 8.
Bxc6+ bxc6 9. d3 h6 10. Nh4 Nxe4 11. Nxe4 Qxh4 12. f4 Bg4 13. Qd2 exf4 14.
Nxd6+ cxd6 15. Qxf4 Qh5 16. Qxd6 Qd5 17. Qg3 Be6 18. Qxg7 O-O-O 19. Qg3 Rhg8
20. Qf3 h5 21. Qxd5 Bxd5 22. Rf2 h4 23. Bf4 Rg6 24. Re1 Rdg8 25. Ree2 Re6 26.
Rxe6 Bxe6 27. b3 Kd7 28. Be5 c5 29. Bf6 Rg6 30. Bxh4 Kd6 31. Bg3+ Kd5 32. Bf4
f6 33. h4 Bg4 34. Rf1 f5 35. Re1 Re6 36. Kf2 Rxe1 37. Kxe1 Kc6 38. Kd2 Bh5 39.
a3 Kd5 40. Bh6 Bf7 41. g3 Ke6 42. Bf8 Kd5 43. c4+ dxc3+ 44. Kxc3 Bg8 45. Bg7
Bf7 46. b4 cxb4+ 47. Kxb4 Kc6 48. Ka5 Kb7 49. d4 Bh5 50. d5 Bf3 51. d6 Be2 52.
Be5 Kc6 53. Kb4 Kd7 54. Kc5 Bf3 55. Bf4 Kd8 56. Kd4 Ke8 57. Ke5 Kf7 58. Kxf5 a5
59. g4 Bd1 60. g5 Bc2+ 61. Ke5 Bg6 62. d7 Ke7 63. d8=Q+ Kxd8 64. Kf6 Bc2 65. g6
{Normal} 1-0

[Event "Rated Blitz game"]
[Site "?"]
[Date "2021.06.15"]
[Round "?"]
[White "naginvolved"]
[Black "GrandeGila"]
[Result "0-1"]
[WhiteElo "2386"]
[BlackElo "2479"]
[PlyCount "60"]
[EventDate "2021.??.??"]
[EventType "blitz"]

1. e4 e5 2. Nf3 d5 3. d3 dxe4 4. dxe4 Qxd1+ 5. Kxd1 Bg4 6. Be2 Nf6 7. h3 Bh5 8.
Nc3 Bd6 9. g4 Bg6 10. Bd3 Nbd7 11. Be3 a6 12. Ke2 O-O-O 13. g5 Nh5 14. Nh4 Nf4+
15. Bxf4 exf4 16. f3 Ne5 17. Rad1 Rhe8 18. a3 c6 19. b4 b5 20. Nb1 f6 21. Nxg6
hxg6 22. gxf6 gxf6 23. Rdg1 f5 24. Nd2 c5 25. bxc5 Bxc5 26. Rg5 Be3 27. h4 Bxd2
28. Kxd2 Nxf3+ 29. Ke2 Nxg5 30. hxg5 fxe4 {Normal} 0-1

[Event "Rated Blitz game"]
[Site "?"]
[Date "2021.06.15"]
[Round "?"]
[White "Br0King"]
[Black "pasha1984"]
[Result "0-1"]
[WhiteElo "2403"]
[BlackElo "2428"]
[PlyCount "34"]
[EventDate "2021.??.??"]
[EventType "blitz"]

1. e4 e5 2. Nf3 d5 3. Nxe5 dxe4 4. d4 Bd6 5. Nc4 Nc6 6. Nc3 Bb4 7. Be3 Nf6 8.
Be2 Nd5 9. Kf1 Bxc3 10. bxc3 Nxc3 11. Qd2 Nxe2 12. Qxe2 Nxd4 13. Qd2 Be6 14.
Qc3 c5 15. Rd1 O-O 16. Bxd4 cxd4 17. Qxd4 Bxc4+ {Normal} 0-1

[Event "Rated Blitz tournament jsDnDtW7"]
[Site "?"]
[Date "2021.06.15"]
[Round "?"]
[White "Safari_Aspari"]
[Black "om_gendut"]
[Result "1/2-1/2"]
[WhiteElo "2302"]
[BlackElo "2446"]
[PlyCount "23"]
[EventDate "2021.??.??"]
[EventType "blitz"]

1. e4 e5 2. Nf3 d5 3. exd5 e4 4. Qe2 Be7 5. Qxe4 Nf6 6. Qc4 O-O 7. Nc3 Nbd7 8.
Be2 Nb6 9. Qb3 a5 10. a4 Nbxd5 11. Nxd5 Nxd5 12. d3 {Normal} 1/2-1/2

[Event "Rated Blitz game"]
[Site "?"]
[Date "2021.06.15"]
[Round "?"]
[White "Muswell-Hill-Chess"]
[Black "annaly1979"]
[Result "0-1"]
[WhiteElo "2498"]
[BlackElo "2480"]
[PlyCount "100"]
[EventDate "2021.??.??"]
[EventType "blitz"]

1. e4 e5 2. Nf3 d5 3. exd5 e4 4. Nd4 c5 5. Nb3 f5 6. Nc3 Nf6 7. d3 Bd6 8. Bg5
O-O 9. dxe4 fxe4 10. Be2 Re8 11. O-O Bf5 12. Nb5 Be5 13. d6 Na6 14. c3 Bd7 15.
a4 Qb6 16. h3 h6 17. Be3 Red8 18. Qd2 Be6 19. Qc2 Bxd6 20. Nd2 Be5 21. Nxe4 Bf5
22. Nxf6+ Qxf6 23. Qb3+ Kh8 24. Rad1 Qg6 25. Kh1 Rxd1 26. Qxd1 Re8 27. Bf3 Bc2
28. Qd5 Bxa4 29. Qxb7 Rb8 30. Qd5 Bxb5 31. c4 Bc6 32. Qxc6 Qxc6 33. Bxc6 Rxb2
34. Ra1 g5 35. g3 Rb6 36. Rd1 Rxc6 37. Rd8+ Kg7 38. Rd7+ Kf6 39. Rxa7 Nb4 40.
Kg2 Nc2 41. Bd2 Bd4 42. Rh7 Kg6 43. Re7 Rf6 44. f4 gxf4 45. Bxf4 Ra6 46. Kf3
Ra2 47. Kg4 Ra6 48. h4 h5+ 49. Kh3 Rf6 50. Bg5 Rf3 {Time forfeit} 0-1

[Event "Rated Blitz game"]
[Site "?"]
[Date "2021.06.15"]
[Round "?"]
[White "BezMozga"]
[Black "KinzyabulatovRenat"]
[Result "1-0"]
[WhiteElo "2576"]
[BlackElo "2494"]
[PlyCount "61"]
[EventDate "2021.??.??"]
[EventType "blitz"]

1. e4 e5 2. Nf3 d5 3. exd5 e4 4. Ne5 Qxd5 5. d4 exd3 6. Nxd3 Nc6 7. Nc3 Qa5 8.
Be2 Bf5 9. Bg5 h6 10. Bh4 g5 11. Bg3 O-O-O 12. O-O Nd4 13. f4 Bd6 14. fxg5 Bxg3
15. hxg3 hxg5 16. Qd2 Nxe2+ 17. Qxe2 Bxd3 18. cxd3 f5 19. Qf2 Ne7 20. Rae1 Rde8
21. Re6 Qb4 22. Rfe1 b6 23. Nd5 Nxd5 24. Rxe8+ Rxe8 25. Rxe8+ Kb7 26. Qxf5 Qd4+
27. Kh2 Nf6 28. Re4 Qxd3 29. Re5 Qd6 30. Re6 Ng4+ 31. Qxg4 {Time forfeit} 1-0

[Event "Rated Blitz game"]
[Site "?"]
[Date "2021.06.15"]
[Round "?"]
[White "Razyeb_v_wepki"]
[Black "KinzyabulatovRenat"]
[Result "1-0"]
[WhiteElo "2689"]
[BlackElo "2509"]
[PlyCount "75"]
[EventDate "2021.??.??"]
[EventType "blitz"]

1. e4 e5 2. Nf3 d5 3. exd5 e4 4. Qe2 Nf6 5. Nc3 Be7 6. Nxe4 Nxd5 7. g3 Nc6 8.
Bg2 Bg4 9. O-O Nd4 10. Qd1 O-O 11. c3 Bxf3 12. Bxf3 Nxf3+ 13. Qxf3 f5 14. d4
fxe4 15. Qxe4 Qd7 16. Bd2 Rae8 17. Qd3 Qh3 18. Rae1 Bd6 19. Qb5 c6 20. Qxb7 Rc8
21. c4 Nf6 22. f3 Rb8 23. Qxc6 Rb6 24. Qa4 Bxg3 25. Re2 Nh5 26. hxg3 Nxg3 27.
Rg2 Nxf1 28. c5 Rg6 29. Qc4+ Kh8 30. Rxg6 hxg6 31. Qxf1 Rxf3 32. Qxh3+ Rxh3 33.
Bf4 Rd3 34. Be5 Rd2 35. c6 Rc2 36. d5 Kg8 37. Bc3 Kf7 38. c7 {Normal} 1-0

[Event "Rated Blitz game"]
[Site "?"]
[Date "2021.06.15"]
[Round "?"]
[White "filolog"]
[Black "Polyclinical"]
[Result "0-1"]
[WhiteElo "2701"]
[BlackElo "2858"]
[PlyCount "38"]
[EventDate "2021.??.??"]
[EventType "blitz"]

1. e4 e5 2. Nf3 d5 3. exd5 e4 4. Qe2 Qe7 5. Ng1 Nf6 6. Nc3 Na6 7. d3 exd3 8.
Qxe7+ Bxe7 9. Bxd3 Nb4 10. Bb5+ Bd7 11. Bxd7+ Nxd7 12. Kd1 O-O-O 13. a3 Nxd5
14. Nxd5 Nb6 15. Ke2 Rxd5 16. Nf3 Re8 17. Re1 Bb4+ 18. Kf1 Bxe1 19. Nxe1 Rd1 {
Normal} 0-1

[Event "Rated Blitz game"]
[Site "?"]
[Date "2021.06.15"]
[Round "?"]
[White "tigra522"]
[Black "KinzyabulatovRenat"]
[Result "0-1"]
[WhiteElo "2495"]
[BlackElo "2436"]
[PlyCount "36"]
[EventDate "2021.??.??"]
[EventType "blitz"]

1. e4 e5 2. Nf3 d5 3. d4 dxe4 4. Nxe5 Bd6 5. Nc4 Nf6 6. Nxd6+ Qxd6 7. Be2 O-O
8. Be3 Nc6 9. c4 Qb4+ 10. Qd2 Rd8 11. d5 Qxd2+ 12. Nxd2 Nb4 13. Kd1 c6 14. dxc6
Nxc6 15. h3 Be6 16. a3 Ne5 17. Rc1 Rac8 18. Rc3 Nxc4 {Normal} 0-1

[Event "Rated Blitz game"]
[Site "?"]
[Date "2021.06.15"]
[Round "?"]
[White "dbestsmiles"]
[Black "KinzyabulatovRenat"]
[Result "1-0"]
[WhiteElo "2489"]
[BlackElo "2479"]
[PlyCount "41"]
[EventDate "2021.??.??"]
[EventType "blitz"]

1. e4 e5 2. Nf3 d5 3. Nxe5 Bd6 4. d4 dxe4 5. Bc4 Bxe5 6. Qh5 Qe7 7. dxe5 Be6 8.
Bxe6 Qxe6 9. Nc3 Nc6 10. Bf4 O-O-O 11. O-O Nge7 12. Nxe4 Ng6 13. Bg3 Ngxe5 14.
Ng5 Qf5 15. f4 Ng6 16. Qf3 Rd2 17. Qc3 Rxc2 18. Qxg7 Nd4 19. Qxd4 Rd8 20. Qe4
Qg4 21. Qxc2 {Normal} 1-0

[Event "Rated Blitz game"]
[Site "?"]
[Date "2021.06.15"]
[Round "?"]
[White "Genrietta"]
[Black "Taabling"]
[Result "0-1"]
[WhiteElo "2355"]
[BlackElo "2507"]
[PlyCount "36"]
[EventDate "2021.??.??"]
[EventType "blitz"]

1. e4 e5 2. Nf3 d5 3. exd5 Bd6 4. Bb5+ Nd7 5. d3 Ngf6 6. Bg5 O-O 7. O-O h6 8.
Bxf6 Nxf6 9. c4 Bg4 10. Nbd2 Nh5 11. h3 Bxf3 12. Qxf3 Nf4 13. Ne4 f5 14. Nxd6
cxd6 15. d4 Qg5 16. dxe5 dxe5 17. d6 e4 18. Qb3 Qxg2# {Normal} 0-1